书目信息 |
| 题名: |
黎曼几何基础
|
|
| 作者: | 唐梓洲 编著 | |
| 分册: | ||
| 出版信息: | 北京 北京师范大学出版社 2011.2 |
|
| 页数: | 141页 | |
| 开本: | 23cm | |
| 丛书名: | ||
| 单 册: | ||
| 中图分类: | O186.12 | |
| 科图分类: | ||
| 主题词: | 黎曼几何--研究生--教材 , 黎曼几何 | |
| 电子资源: | ||
| ISBN: | 978-7-303-11815-1 | |
| 000 | 00852nam0 2200253 45 | |
| 001 | 515 | |
| 005 | 20120604093031.90 | |
| 010 | @a978-7-303-11815-1@dCNY15.00 | |
| 100 | @a20120328d2011 em y0chiy50 ea | |
| 101 | 0 | @achi |
| 102 | @aCN@b110000 | |
| 105 | @ay z 001yy | |
| 106 | @ar | |
| 200 | 1 | @a黎曼几何基础@ALi Man Ji He Ji Chu@f唐梓洲编著@FTang Zi Zhou Bian Zhu |
| 210 | @a北京@c北京师范大学出版社@d2011.2 | |
| 215 | @a141页@d23cm | |
| 300 | @a21世纪高等学校研究生教材 数学学科硕士研究生系列教材/北京师范大学数学科学学院主编 | |
| 330 | @a本书介绍了黎曼几何的基础知识,分为六章,包括微分流行、度量、联络、测地线、曲率、Jacobi场。 | |
| 606 | 0 | @a黎曼几何@x研究生@j教材 |
| 606 | 0 | @a黎曼几何 |
| 690 | @aO186.12@v4 | |
| 701 | 0 | @a唐梓洲@ATang Zi Zhou@f(1963~)@4编著 |
| 801 | 0 | @aCN@bTSTCL@c20120328 |
| 905 | @b0814021-27@dO186.12@e46@f7 | |
| 黎曼几何基础/唐梓洲编著.-北京:北京师范大学出版社,2011.2 |
| 141页;23cm |
| 21世纪高等学校研究生教材 数学学科硕士研究生系列教材/北京师范大学数学科学学院主编 |
| ISBN 978-7-303-11815-1:CNY15.00 |
| 本书介绍了黎曼几何的基础知识,分为六章,包括微分流行、度量、联络、测地线、曲率、Jacobi场。 |
| ● |
| 相关链接 |
|
|
|
|
正题名:黎曼几何基础
索取号:O186.12/46
 
预约/预借
| 序号 | 登录号 | 条形码 | 馆藏地/架位号 | 状态 | 备注 |
| 1 | 0814021 | 208140215 | 第二样本阅览室/ [索取号:O186.12/46] | 在馆 | |
| 2 | 0814022 | 208140224 | 第三借阅区/ [索取号:O186.12/46] | 在馆 | |
| 3 | 0814023 | 208140233 | 第三借阅区/ [索取号:O186.12/46] | 在馆 | |
| 4 | 0814024 | 208140242 | 第三借阅区/ [索取号:O186.12/46] | 在馆 | |
| 5 | 0814025 | 208140251 | 第三借阅区/ [索取号:O186.12/46] | 在馆 | |
| 6 | 0814026 | 208140260 | 第三借阅区/ [索取号:O186.12/46] | 在馆 | |
| 7 | 0814027 | 208140279 | 第三借阅区/ [索取号:O186.12/46] | 在馆 |